000 00286nam a22001337a 4500
008 170829b xxu||||| |||| 00| 0 eng d
020 _a091647500
041 _aeng
080 _a070
100 _a39
101 _aMED
245 _aCRITICAL THINKING
_cHOAGLUND.J
942 _2udc
_cBK
999 _c25401
_d25401